| 000 | 00544nam a2200133Ia 4500 | ||
|---|---|---|---|
| 008 | 170221s9999 xx 000 0 und d | ||
| 100 | _aSung David Chun | ||
| 245 | _aStudent loans at local credit unions: exploring consumer profiles and product features | ||
| 245 | _cSung David Chun, Mercy College of Ohio; Yeojun Caleb Chun, HCR ManorCare; Sock Chung, Eastern Michigan University . | ||
| 260 | _bJournal of Management and Marketing Research | ||
| 260 | _c2012 | ||
| 650 | _xBusiness | ||
| 856 | _uhttp://www.aabri.com/manuscripts/152277.pdf | ||
| 999 |
_c309740 _d309740 |
||